000 01175cad a22001935a 4500
001 L151551
008 101116s2010 xxk f 000 0 eng d
035 _a(Sirsi) u151551
041 0 _aeng
110 2 _aUnited Kingdom
_bDepartment for Communities and Local Government
_94939
245 0 0 _aProposals for changes to planning application fees in England
_h[electronic resource]
260 _aLondon
_bDCLG
_c2010
520 _aSeeks views on proposed changes to the planning application fees regime which would decentralise responsibility for setting fees to local planning authorities. Councils would not be allowed to make a profit on the fees but could recover the actual cost of submitting an application. The proposals would be implemented from April 2011, with a six month transition period until October 2011 if they are accepted and approved by parliament. The consultation closes on 7 January 2011.
590 _aKA
651 4 _aEngland and Wales
_y1543-
690 _aPlanning and development
_96259
856 4 0 _uhttps://www.communities.gov.uk/documents/planningandbuilding/pdf/1769286.pdf
_zView the item free of charge at www.communities.gov.uk
942 _n0
999 _c111439
_d111439